Les 250 plus grands transferts de l'histoire du football - Statistiques

Statistiques générales
  • Ce quiz a été pris 305 fois
  • Le résultat moyen est 156 sur 250
Statistiques - réponses
Montant de transfert (M €) Saison Nationalité Venant de Allant à Joueur % Correct
180,00 2018-2019 France AS Monaco Paris SG Kylian Mbappé
98%
222,00 2017-2018 Brésil Barcelone Paris SG Neymar
98%
90,00 2023-2024 Brésil Paris SG Al-Hilal Neymar
98%
88,00 2013-2014 Brésil Santos Barcelone Neymar
98%
117,00 2018-2019 Portugal Real Madrid Juventus Turin Cristiano Ronaldo
95%
94,00 2009-2010 Portugal Manchester United Real Madrid Cristiano Ronaldo
95%
45,00 2002-2003 Brésil Inter Real Madrid Ronaldo
95%
135,00 2017-2018 France Borussia Dortmund Barcelone Ousmane Dembélé
94%
50,00 2023-2024 France Barcelone Paris SG Ousmane Dembélé
94%
120,00 2019-2020 France Atlético Madrid Barcelone Antoine Griezmann
93%
120,80 2019-2020 Belgique Chelsea Real Madrid Eden Hazard
92%
105,00 2016-2017 France Juventus Turin Manchester United Paul Pogba
92%
95,00 20232024 Angleterre Tottenham Bayern Munich Harry Kane
90%
40,00 2023-2024 Pays-Bas VfL Wolfsburg Tottenham Micky van de Ven
90%
113,00 2021-2022 Belgique Inter Chelsea Romelu Lukaku
90%
84,70 2017-2018 Belgique FC Everton Manchester United Romelu Lukaku
90%
74,00 2019-2020 Belgique Manchester United Inter Romelu Lukaku
90%
101,00 2013-2014 Pays de Galles Tottenham Real Madrid Gareth Bale
89%
103,00 2023-2024 Angleterre Borussia Dortmund Real Madrid Jude Bellingham
89%
135,00 2017-2018 Brésil Liverpool Barcelone Philippe Coutinho
89%
127,20 2019-2020 Portugal Benfica Atlético Madrid João Félix
88%
117,50 2021-2022 Angleterre Aston Villa Manchester City Jack Grealish
87%
81,72 2014-2015 Uruguay Liverpool Barcelone Luis Suárez
87%
95,00 2023-2024 France Eintracht Frankfurt Paris SG Randal Kolo Muani
87%
77,50 2001-2002 France Juventus Turin Real Madrid Zinédine Zidane
87%
121,00 2022-2023 Argentine Benfica Chelsea Enzo Fernández
85%
44,25 2022-2023 Argentine River Plate Benfica Enzo Fernández
85%
86,00 2019-2020 Pays-Bas Ajax Barcelone Frenkie de Jong
85%
116,60 2023-2024 Angleterre West Ham United Arsenal Declan Rice
84%
76,00 2015-2016 Belgique VfL Wolfsburg Manchester City Kevin De Bruyne
84%
69,50 2009-2010 Suède Inter Barcelone Zlatan Ibrahimović
84%
75,00 2014-2015 Argentine Real Madrid Manchester United Ángel Di María
83%
63,00 2015-2016 Argentine Manchester United Paris SG Ángel Di María
83%
80,00 2022-2023 France AS Monaco Real Madrid Aurélien Tchouaméni
83%
70,00 2019-2020 Spain Atlético Madrid Manchester City Rodri
83%
84,65 2017-2018 Pays-Bas Southampton Liverpool Virgil van Dijk
83%
85,00 2022--2023 Uruguay Benfica Liverpool Darwin Núñez
82%
85,00 2021-2022 Angleterre Borussia Dortmund Manchester United Jadon Sancho
82%
85,50 2019-2020 Pays-Bas Ajax Juventus Turin Matthijs de Ligt
82%
67,00 2022-2023 Pays-Bas Juventus Turin Bayern Munich Matthijs de Ligt
82%
64,50 2013-2024 Uruguay Napoli Paris SG Edinson Cavani
81%
80,00 2019-2020 France Atlético Madrid Bayern Munich Lucas Hernández
81%
45,00 2023-2024 France Bayern Munich Paris SG Lucas Hernández
81%
68,00 2021-2022 Moroc Inter Paris SG Achraf Hakimi
80%
43,00 2020-2021 Moroc Real Madrid Inter Achraf Hakimi
80%
95,00 2022-2023 Brésil Ajax Manchester United Antony
80%
75,00 2014-2015 Colombie AS Monaco Real Madrid James Rodríguez
80%
45,00 2013-2014 Colombie FC Porto AS Monaco James Rodríguez
80%
90,00 2023-2024 Croatie RB Leipzig Manchester City Josko Gvardiol
80%
80,00 2019-2020 Côte d'Ivoire LOSC Lille Arsenal Nicolas Pépé
80%
63,75 2017-2018 France / Gabon Borussia Dortmund Arsenal Pierre-Emerick Aubameyang
79%
67,80 2018-2019 Algerie Leicester City Manchester City Riyad Mahrez
79%
65,00 2017-2018 France / Espagne Athletic Manchester City Aymeric Laporte
78%
90,00 2016-2017 Argentine Napoli Juventus Turin Gonzalo Higuaín
78%
39,00 2013-2014 Argentine Real Madrid Napoli Gonzalo Higuaín
78%
88,00 2020-2021 Allemagne Bayer Leverkusen Chelsea Kai Havertz
78%
75,00 2023-2024 Allemagne Chelsea Arsenal Kai Havertz
78%
83,50 2021-2022 Serbie Fiorentina Juventus Dušan Vlahović
77%
60,00 2022-2023 Norvège Borussia Dortmund Manchester City Erling Haaland
77%
87,00 2019-2020 Angleterre Leicester cITY Manchester United Harry Maguire
77%
42,00 2012-2013 Brésil AC Milan Paris SG Thiago Silva
77%
77,50 2020-2021 Nigéria LOSC Lille Napoli Victor Osimhen
77%
70,00 2022-2023 Sweden Real Sociedad Newcastle United Alexander Isak
76%
50,00 2017-2018 Portugal AS Monaco Manchester City Bernardo Silva
76%
116,00 2023-2024 Équateur Brighton Chelsea Moisés Caicedo
76%
70,00 2022-2023 Ukraine Shakhtar D. Chelsea Mykhaylo Mudryk
76%
70,65 2022-2023 Brésil Real Madrid Manchester United Casemiro
75%
64,00 2018-2019 États-Unis Borussia Dortmund Chelsea Christian Pulisic
75%
65,00 2023-2024 Portugal Benfica Paris SG Gonçalo Ramos
75%
67,00 2009-2010 Brésil AC Milan Real Madrid Kaká
75%
62,50 2018-2019 Brésil AS Roma Liverpool Alisson
74%
72,00 2018-2019 France AS Monaco Atlético Madrid Thomas Lemar
74%
57,50 2017-2018 France AS Monaco Manchester City Benjamin Mendy
73%
58,50 2010-2011 Espagne Liverpool Chelsea Fernando Torres
73%
55,00 2021-2022 Espagne Manchester City Barcelone Ferran Torres
73%
60,00 2023-2024 Belgique Stade Rennais Manchester City Jérémy Doku
73%
71,60 2020-2021 Portugal Benfica Manchester City Rúben Dias
73%
80,40 2022-2023 France Leicester City Chelsea Wesley Fofana
73%
65,00 2019-2020 Portugal Sporting CP Manchester United Bruno Fernandes
72%
40,00 2020-2021 Portugal FC Porto Wolverhampton Fábio Silva
72%
48,00 2019-2020 France Olympique Lyonnais Real Madrid Ferland Mendy
72%
42,00 2017-2018 Égypte AS Roma Liverpool Mohamed Salah
72%
64,00 2023-2024 Italie AC Milan Newcastle Sandro Tonali
72%
53,00 2017-2018 France Olympique Lyonnais Arsenal Alexandre Lacazette
71%
65,00 2019-2020 Portugal Juventus Turin Manchester City João Cancelo
71%
40,40 2018-2019 Portugal FC Valencia Juventus Turin João Cancelo
71%
80,00 2018-2019 Espagne Athletic Chelsea Kepa Arrizabalaga
71%
60,00 2023-2024 Uruguay Sporting CP Paris SG Manuel Ugarte
71%
60,00 2020-2021 Bosnie-Herzégovine Juventus Turin Barcelone Miralem Pjanic
71%
63,70 2015-2016 Angleterre Liverpool Manchester City Raheem Sterling
71%
56,20 2023-2024 Angleterre Manchester City Chelsea Raheem Sterling
71%
62,00 2019-2020 France Olympique Lyonnais Tottenham Tanguy Ndombélé
71%
45,00 2022-2023 Pologne Bayern Munich Barcelone Robert Lewandowski
70%
60,00 2015-2016 France AS Monaco Manchester United Anthony Martial
69%
60,00 2023-2024 France RB Leipzig Chelsea Christopher Nkunku
69%
42,00 2015-2014 Colombie Atlético Madrid Guangzhou Evergrande Jackson Martínez
69%
40,00 2012-2013 Espagne Atheltic Bayern Munich Javi Martínez
69%
57,37 2022-2023 Argentine Ajax Manchester United Lisandro Martínez
69%
63,00 2019-2020 Serbie Eintracht Francfort Real Madrid Luka Jović
69%
73,90 2023-2024 Danemark Atalanta BC Manchester United Rasmus Højlund
69%
41,20 2016-2017 Sénégal Southampton Liverpool Sadio Mané
69%
50,00 2021-2022 Colombie FC Porto Liverpool Luis Díaz
68%
60,00 2016-2017 Brésil Chelsea Shanghai SIPG Oscar
68%
80,60 2020-2021 Brésil Barcelone Juventus tURIN Arthur Melo
67%
60,00 2000-2001 Portugal Barcelone Real Madrid Luís Figo
67%
45,00 2018-2019 Brésil Flamengo Real Madrid Vinicius Junior
67%
50,20 2023-2024 Cameroun Inter Manchester United André Onana
66%
70,00 2023-2024 Hongrie RB Leipzig Liverpool Dominik Szoboszlai
66%
50,00 2022-2023 France FC Sevilla Barcelone Jules Koundé
66%
65,30 2022-2023 Espagne Brighton Chelsea Marc Cucurella
66%
64,20 2023-2024 Angleterre Chelsea Manchester United Mason Mount
66%
49,50 2019-2020 Portugal LOSC Lille AC Milan Rafael Leão
66%
58,00 2022-2023 Brésil Leeds United Barcelone Raphinha
66%
41,50 2022-2023 Portugal FC Porto Paris SG Vitinha
66%
49,50 2014-2015 Brésil Chelsea Paris SG David Luiz
65%
46,70 2023-2024 Brésil Liverpool Al-Ittihad Fabinho
65%
45,00 2018-2019 Brésil AS Monaco Liverpool Fabinho
65%
52,00 2016-2017 Allemagne FC SChalke 04 Manchester City Leroy Sané
65%
49,00 2020-2021 Allemagne Manchester City Bayern Munich Leroy Sané
65%
60,00 2023-2024 Brésil Zenti S-Pb Al-Hilal Malcom
65%
41,50 2019-2020 Brésil Barcelone Zenit S-Pb Malcom
65%
41,00 2018-2019 Brésil G. Bordeaux Barcelone Malcom
65%
50,00 2023-2024 Corée du Sud Napoli Bayern Munich Min-jae Kim
65%
55,00 2023-2024 France Bayer Leverkusen Aston Villa Moussa Diaby
65%
45,00 2019-2020 Brésil Santos Real Madrid Rodrygo
65%
45,00 2023-2024 France Olympique Lyonnais Paris SG Bradley Barcola
64%
60,00 2017-2018 Brésil / Espagne Chelsea Atlético Madrid Diego Costa
64%
60,00 2018-2019 Guinée RB Leipzig Liverpool Naby Keïta
64%
52,20 2022-2023 Brésil Manchester City Arsenal Gabriel Jesus
63%
40,00 2021-2022 France RB Leipzig Liverpool Ibrahima Konaté
63%
45,00 2023-2024 Italie Paris SG Al-Arabi SC Marco Verratti
63%
43,00 2013-2014 Colombie Atlético Madrid AS Monaco Radamel Falcao
63%
40,00 2011-2012 Colombie FC Porto Atlético Madrid Radamel Falcao
63%
42,50 2014-2015 Chili Barcelone Arsenal Alexis Sánchez
62%
66,00 2017-2018 Espagne Real Madrid Chelsea Álvaro Morata
62%
42,00 2017-2018 Colombie Ajax Tottenham Davinson Sánchez
62%
42,50 2021-2022 France RB Leipzig Bayern Munich Dayot Upamecano
62%
38,50 2004-2005 Côte d'Ivoire Marseille Chelsea Didier Drogba
62%
40,00 2018-2019 Brésil Bayern Munich Juventus Turin Douglas Costa
62%
42,95 2022-2023 Brésil Olympique Lyonnais West Ham United Lucas Paquetá
62%
38,40 2018-2019 Brésil Flamengo AC Milan Lucas Paquetá
62%
38,00 2022-2023 Portugal Sporting CP Paris SG Nuno Mendes
62%
41,32 2001-2002 Portugal Fiorentina AC Milan Rui Costa
62%
47,50 2024-2025 Brésil Palmeiras Real Madrid Endrick
61%
40,00 2021-2022 France Real Madrid Manchester United Raphaël Varane
61%
58,00 2022-2023 Brésil FC Everton Tottenham Richarlison
61%
39,20 2018-2019 Brésil Watford Everton Richarlison
61%
41,50 2017-2018 France Olympique Lyonnais Bayern Munich Corentin Tolisso
60%
56,00 2016-2017 Brésil Zenit S-Pb Shanghai SIPG Hulk
60%
40,00 2012-2013 Brésil FC Porto Zenit S-Pb Hulk
60%
45,00 2023-2024 France AS Monaco Chelsea Axel Disasi
59%
50,00 2020-2021 Argentine Inter Paris SG Mauro Icardi
59%
41,00 2015-2016 Argentina Palermo Juventus Turin Paulo Dybala
59%
55,00 2023-2024 Portugal Wolverhampton Al-Hilal Rúben Neves
59%
50,00 2020-2021 Ghana Atlético Madrid Arsenal Thomas Partey
59%
42,00 2011-2012 Argentine Palermo Paris SG Javier Pastore
58%
52,70 2017-2018 Angleterre Tottenham Manchester City Kyle Walker
58%
47,00 2013-2014 Allemagne Real Madrid Arsenal Mesut Özil
58%
47,00 2023-2024 Angleterre Manchester City Chelsea Cole Palmer
57%
52,88 2001-2002 Italie AC Parma Juventus Turin Gianluigi Buffon
57%
53,00 2020-2021 Allemagne RB Leipzig Chelsea Timo Werner
57%
40,00 2020-2021 Moroc Ajax Chelsea Hakim Ziyech
56%
62,00 2023-2024 Brésil / Portugal Wolverhampton Manchester City Matheus Nunes
56%
45,00 2022-2023 Portugal Sporting CP Wolverhampton Matheus Nunes
56%
40,00 2023-2024 Serbie Lazio Rome Al-Hilal Sergej Milinković-Savić
56%
52,60 2023-2024 Serbie FC Fulham Al-Hilal Aleksandar Mitrovic
55%
45,00 2016-2017 Suisse Bor. M'gladbach Arsenal Granit Xhaka
55%
45,30 2020-2021 Pays-Bas Bournemouth Manchester City Nathan Aké
55%
43,88 2006-2007 Ukraine AC Milan Chelsea Andriy Shevchenko
54%
39,25 2015-2016 Chili Juventus Turin Bayern Munich Arturo Vidal
54%
50,00 2019-2020 Brésil FC Porto Real Madrid Éder Militão
54%
59,00 2018-2019 Brésil Shakhtar D. Manchester United Fred
54%
57,00 2018-2019 Brésil / Italie Napoli Chelsea Jorginho
54%
40,00 2023-2024 Belgique RC Lens RB Leipzig Loïs Openda
54%
41,00 2015-2016 Brésil TSG Hoffenheim Liverpool Roberto Firmino
54%
42,10 2021-2022 Brésil Olympique Lyonnais Newcastle United Bruno Guimarães
52%
42,00 2022-2023 Sénégal Napoli Chelsea Kalidou Koulibaly
52%
45,00 2019-2020 Croatie Real Madrid Chelsea Mateo Kovacic
52%
38,00 2022-2023 France AS Monaco Chelsea Benoît Badiashile
51%
58,50 2021-2022 Angleterre Brighton Arsenal Ben White
51%
44,60 2022-2023 Italie Fiorentina Juventus Turin Federico Chiesa
51%
49,00 2022-2023 Angleterre Leeds United Manchester City Kalvin Phillips
51%
40,00 2011-2012 Argentine Atlético Madrid Manchester City Sergio Agüero
51%
42,00 2023-2024 Argentine Brighton Liverpool Alexis Mac Allister
50%
42,00 2022-2023 Pays-Bas PSV Eindhoven Liverpool Cody Gakpo
50%
55,60 2016-2017 Angleterre FC Everton Manchester City John Stones
50%
45,00 2001-2002 République tchèque Lazio Rome Juventus Turin Pavel Nedved
50%
40,00 2017-2018 Brésil Benfica Manchester City Ederson
49%
44,70 2020-2021 Portugal Wolverhampton Liverpool Diogo Jota
48%
43,00 2023-2024 Ghana Ajax West Ham United Mohammed Kudus
48%
45,00 2019-2020 Belgique AS Monaco Leciester City Youri Tielemans
48%
46,90 2022-2023 Brésil Torino Juventus Turin Bremer
47%
40,00 2010-2011 Espagne Valencia Barcelone David Villa
47%
40,00 2018-2019 Argentine Zenit S-Pb Paris SG Leandro Paredes
47%
50,00 2019-2020 France / Côte d'Ivoire Eintracht Francfort West Ham United Sébastien Haller
47%
40,00 2019-2020 France FC Sevilla AS Moanco Wissam Ben Yedder
47%
40,00 2018-2019 Portugal Paris SG FC Valencia Gonçalo Guedes
46%
42,00 2018-2019 Brésil Barcelone Guangzhou Evergrande Paulinho
46%
40,00 2017-2018 Brésil Ghangzhou Evergrande Barcelone Paulinho
46%
45,00 2019-2020 Mexique PSV Eindhoven Napoli Hirving Lozano
45%
60,00 2023-2024 Brésil / Portugal FC Porto Al-Nassr Otávio
45%
55,00 2019-2020 Angleterre Crystal Palace Manchester United Aaron Wan-Bissaka
44%
52,00 2022-2023 Argentine Atalanta BC Tottenham Cristian Romero
44%
39,00 2020-2021 Pays-Bas Ajax Manchester United Donny van de Beek
44%
45,00 2014-2015 France FC Porto Manchester City Eliaquim Mangala
44%
42,00 2017-2018 Italie Juventus Turin AC Milan Leonardo Bonucci
44%
62,10 2023-2024 Belgique Southampton Chelsea Roméo Lavia
43%
41,00 2021-2022 Angleterre Chelsea AS Roma Tammy Abraham
43%
49,40 2017-2018 Islande Swansea City FC Everton Gylfi Sigurdsson
42%
42,00 2016-2015 Arménie Borussia Dortmund Manchester United Henrikh Mkhitaryan
42%
56,81 2000-2001 Argentine AC Parma Lazio Rome Hernán Crespo
42%
40,00 2002-2003 Argentine Lazio Rome Inter Hernán Crespo
42%
46,30 2023-2024 Angleterre Leicester City Tottenham James Maddison
42%
40,00 2023-2024 Pays-Bas Ajax Arsenal Jurrien Timber
42%
40,00 2023-2024 Pays-Bas Bayern Munich Liverpool Ryan Gravenberch
42%
38,00 2023-2024 Mexique Ajax West Ham United Edson Álvarez
41%
44,73 2013-2014 Espagne Chelsea Manchester United Juan Mata
41%
44,50 2015-2016 Argentine Valencia Manchester City Nicolás Otamendi
41%
43,00 2008-2009 Brésil Real Madrid Manchester City Robinho
41%
45,60 2022-2023 Angleterre FC Everton Newcastle Anthony Gordon
40%
40,00 2013-2014 Brésil Shakhtar D. Manchester City Fernandinho
40%
39,00 2016-2017 Belgique Marseille Chelsea Michy Batshuayi
40%
44,70 2017-2018 Serbie Chelsea Manchester United Nemanja Matic
40%
39,00 2019-2020 Suède Atalanta BC Juventus Turin Dejan Kulusevski
39%
40,00 2012-2013 Brésil FC São Paulo Paris SG Lucas Moura
38%
50,00 2023-2024 Brésil Atlético Madrid Wolverhampton Matheus Cunha
38%
40,00 2023-2024 Brésil Atheltico Paranaense Barcelone Vitor Roque
38%
50,00 2020-2021 Angleterre Leicester City Chelsea Ben Chilwell
37%
40,00 2023-2024 Espagne Sporting CP Tottenham Pedro Porro
37%
40,00 2017-2018 France AS Monaco Chelsea Tiemoué Bakayoko
37%
46,50 2015-2016 Belgique Aston Villa Liverpool Christian Benteke
33%
40,00 2012-2013 Belgique Benfica Zenit S-Pb Axel Witsel
31%
40,00 2017-2018 France / République démocratique du Congo Villarreal CF Beijing Guoan Cédric Bakambu
31%
43,00 2015-2016 Allemagne FC Schalke 04 VfL Wolfsburg Julian Draxler
31%
46,00 2002-2003 Angleterre Leeds United Manchester United Rio Ferdinand
31%
43,50 2019-2020 Brésil TSG Hoffenheim Newcastle United Joelinton
30%
42,00 2018-2019 République tchèque Sampdoria AS Roma Patrik Schick
30%
38,00 2019-2020 Mexique Benfica Wolverhampton Raúl Jiménez
30%
55,00 2023-2024 Pays de Galles Nottingham Forest Tottenham Brennan Johnson
29%
41,00 2016-2017 Germany FC Valencia Arsenal Shkodran Mustafi
29%
42,60 2001-2002 Argentine Lazio Rome Manchester United Juan Sebastián Verón
27%
44,78 2016-2017 Portugal Sporting CP Inter João Mário
23%
38,40 2021-2022 Argentine / Espagne Norwich Aston Villa Emiliano Buendía
22%
44,00 2023-2024 Angleterre Leicester City Newcastle United Harvey Barnes
22%
41,00 2010-2011 Angleterre Newcastle United Liverpool Andy Carroll
21%
46,48 1999-2000 Italie Lazio Rome Inter Christian Vieri
19%
38,00 2018-2019 Belgien AS Roma Inter Radja Nainggolan
17%
48,00 2001-2002 Espagne FC Valencia Lazio Rome Gaizka Mendieta
14%
40,00 2017-2018 Italie Fiorentina Juventus Turin Federico Bernardeschi
11%
50,00 2015-2016 Brésil Shakhtar D. JS Suning Alex Teixeira
10%
Aucun quiz correspondant
Distribution des résultats
% des personnes avec chaque résultat
Percentile par nombre de réponses
Votre historique - résultats
Vous n’avez pas pris ce quiz